000 00684nam a2200265 a 4500
003 AR-BaBNM
005 20251128203835.0
008 082120s2002 ||||||||||||||000 | spa||
040 _cAR-BaBNM
100 1 _aMiró Quesada y Sosa, Aurelio
245 0 0 _aEl Inca Garcilaso
260 _aMadrid
_bInstituto de Cultura Hispánica
_c1948
300 _a277 p.
500 _aContiene apéndices en p. 245-266
504 _aBibliografía en p. 273
650 4 _aINVESTIGACION LITERARIA
650 4 _aBIOGRAFIAS
650 4 _aVIDA LITERARIA
650 4 _aHISTORIA
650 4 _aANALISIS LITERARIO
651 4 _aPerú
655 _aLITERATURA
942 _cBK
998 _cisola
999 _c5134
_d5134